| 000 | 00533cam a2200193 a 4500 | ||
|---|---|---|---|
| 001 | 000018117 | ||
| 005 | 20200929165348.0 | ||
| 008 | 760408s1975 xxc 000 1 fre d | ||
| 020 | _a077600655X | ||
| 040 |
_aDO-SdBNP _bfre _cLC _dBNPHU |
||
| 050 | 0 | 0 |
_aPQ3919.2.B559 _bI4 |
| 082 |
_ann* _bB687i |
||
| 100 | 1 |
_aBolduc, Mario. _939261 |
|
| 245 | 1 | 4 |
_aLes images de la mer : _broman / _cMario Bolduc. |
| 260 |
_aMontréal : _bDu Jour, _c1975. |
||
| 300 |
_a131 p. ; _c20 cm. |
||
| 910 | _aCatalogación por copia / LC | ||
| 049 | _aBNGR | ||
| 999 |
_c17638 _d17638 |
||